ბათუმის შოთა რუსთაველის სახელმწიფო უნივერსიტეტის ბიბლიოთეკა

Современная история международных отношений 1991-2016 / (ბიბ.ჩანაწერი № 54268)

000 -LEADER
fixed length control field 00978nam a2200253Ia 4500
001 - CONTROL NUMBER
control field 21324
003 - CONTROL NUMBER IDENTIFIER
control field GE_BSU
005 - DATE AND TIME OF LATEST TRANSACTION
control field 20210911175519.0
008 - FIXED-LENGTH DATA ELEMENTS--GENERAL INFORMATION
fixed length control field 181216s2017||||ru |||||||||||||| ||rus||
020 ## - INTERNATIONAL STANDARD BOOK NUMBER
International Standard Book Number 9785756708509
040 ## - CATALOGING SOURCE
Transcribing agency GE_BSU
041 ## - LANGUAGE CODE
Language code of text/sound track or separate title rus
080 ## - UNIVERSAL DECIMAL CLASSIFICATION NUMBER
Universal Decimal Classification number 327(075.8) Ф-42
100 ## - MAIN ENTRY--PERSONAL NAME
Personal name Фененко, А. В.
9 (RLIN) 12457
245 ## - TITLE STATEMENT
Title Современная история международных отношений 1991-2016 /
Statement of responsibility, etc. А. В. Фененко ; Отв. ред. В. А. Веселов.
250 ## - EDITION STATEMENT
Edition statement 2-е издание перераб. и дополн.
264 ## - PRODUCTION, PUBLICATION, DISTRIBUTION, MANUFACTURE, AND COPYRIGHT NOTICE
Place of production, publication, distribution, manufacture Москва :
Name of producer, publisher, distributor, manufacturer Аспект-Пресс,
Date of production, publication, distribution, manufacture, or copyright notice 2017.
300 ## - PHYSICAL DESCRIPTION
Extent 432 стр. ;
Dimensions 22 см.
500 ## - GENERAL NOTE
General note Хронолог-я таблица стр. 417-432
653 ## - INDEX TERM--UNCONTROLLED
keyword Современная история международных отношений 1991-2016
700 ## - ADDED ENTRY--PERSONAL NAME
Personal name Веселов, В. А.
Titles and other words associated with a name Отв. редактор
9 (RLIN) 12458
942 ## - ADDED ENTRY ELEMENTS (KOHA)
Koha item type წიგნი
Source of classification or shelving scheme
ეგზემპლარები
Withdrawn status Lost status Source of classification or shelving scheme Damaged status Not for loan Permanent Location Current Location Date acquired Cost, normal purchase price Full call number Barcode Date last seen Copy number Price effective from Koha item type Public note Shelving location
          ბათუმის შოთა რუსთაველის სახელმწიფო უნივერსიტეტის მთავარი ბიბლიოთეკა ბათუმის შოთა რუსთაველის სახელმწიფო უნივერსიტეტის მთავარი ბიბლიოთეკა 2018-12-17 111.00 327(075.8) Ф-42 55244 2018-12-17 55244 2018-12-17 წიგნი 111.00 GEL.  
          ბათუმის შოთა რუსთაველის სახელმწიფო უნივერსიტეტის მთავარი ბიბლიოთეკა ბათუმის შოთა რუსთაველის სახელმწიფო უნივერსიტეტის მთავარი ბიბლიოთეკა 2018-12-17 111.00 327(075.8) Ф-42 55275 2018-12-17 55275 2018-12-17 წიგნი 111.00 GEL. წიგნსაცავი